| LEADER | 00955nam a2200289 4500 | ||
|---|---|---|---|
| 001 | DLU120135593 | ||
| 005 | ##20120525 | ||
| 040 | # | # | |a DLU |b vie |
| 041 | # | # | |a vie |
| 044 | # | # | |a vn |
| 100 | # | # | |a Nguyễn Quốc Đảng, |c ThS. |
| 245 | # | # | |a Một số biện pháp để nâng cao hứng thú trong giờ học GDTC của sinh viên trường Đại học Vinh / |c Nguyễn Quốc Đảng, Châu Hồng Thắng, Nguyễn Thị Lài. |
| 653 | # | # | |a Chủ động |
| 653 | # | # | |a Hứng thú |
| 653 | # | # | |a Tự giác |
| 700 | # | # | |a Châu Hồng Thắng, |c ThS. |
| 700 | # | # | |a Nguyễn Thị Lài, |c ThS. |
| 773 | # | # | |t Dạy và học ngày nay |g Số 1, 2011, tr. 67-69 |
| 920 | # | # | |a Phòng Tạp chí -- Trung tâm Thông tin - Thư viện Trường Đại học Đà Lạt |
| 994 | # | # | |a DLU |
| 900 | # | # | |a True |
| 911 | # | # | |a Nguyễn Thị Linh Chi |
| 925 | # | # | |a G |
| 926 | # | # | |a A |
| 927 | # | # | |a BB |
| 980 | # | # | |a Thư viện Trường Đại học Đà Lạt |